00430nam a2200169Ia 450000500170000000800410001702000100005804000190006804100120008708200150009910000170011424500400013126000410017130000180021265000200023085000100025020230504104617.0131103s9999 xx 000 0 und d cRs.40 aLoreto College aEnglish a823.8bWIL aWilde, Oscar aComplete fairy tales of Oscar Wilde aNew DelhibPrichay Overseasc[19 -?] a204 p.b ill. aEnglish Fiction aLCLIB